| 000 | 00660nam a22001577a 4500 | ||
|---|---|---|---|
| 003 | OSt | ||
| 005 | 20150915155054.0 | ||
| 008 | 150915b xxu||||| |||| 00| 0 eng d | ||
| 040 | _cRUA | ||
| 082 | _aAGR TAN 1999 BOO25 Or.1 | ||
| 100 |
_9534 _aTAN, KHUNRATANA |
||
| 245 | _aCONTRIBUTION TO THE STUDY ON CROWN OF THORNS CULTIVATION IN KIENSAVY DISTRICT KANDAL PROVINCE.(វិភាគទានសិក្សាអំពីផ្កាទេព្តាទាំងប្រាំបីទិសនៅស្រុកកៀនស្វាយ ខេត្តកណ្តាល) | ||
| 260 |
_aphnom phen _bRUA _c1999 |
||
| 300 |
_a35p. _bill. _c1999 |
||
| 942 |
_2ddc _cAGR |
||
| 999 |
_c514 _d514 |
||